[Event "EU-ch Amateur Online 1700/2000"]
[Site "Tornelo INT"]
[Date "2021.04.24"]
[Round "7"]
[White "Madsman, Berk"]
[Black "Lagaras, Stylianos"]
[Result "1-0"]
[WhiteElo "1224"]
[BlackElo "1865"]
[PlyCount "73"]
[EventDate "2021.04.24"]
[EventType "swiss (rapid)"]
[EventRounds "8"]
[EventCountry "NET"]
[SourceTitle "EXT 2023"]
[Source "ChessBase"]
[SourceDate "2022.10.05"]
[SourceVersion "1"]
[SourceVersionDate "2022.10.05"]
[SourceQuality "1"]

1. e4 c5 2. Nf3 e6 3. c3 d5 4. e5 d4 5. Bd3 Nc6 6. 0-0 Nh6 7. Be4 Be7 8. Bxc6+ bxc6 9. cxd4 cxd4 10. Qa4 Nf5 11. Qxc6+ Bd7 12. Qe4 Rc8 13. d3 Bc6 14. Qe2 0-0 15. Nbd2 Qd5 16. Ne4 Bb5 17. Bd2 Rc2 18. b3 Rfc8 19. Rfc1 Ba3 20. Rxc2 Rxc2 21. Nfg5 h6 22. Nf3 Bb2 23. Rd1 Bc3 24. Qf1 Bb2 25. g4 Ne7 26. Bxh6 Kf8 27. Bg5 Ng6 28. Qe1 Nxe5 29. Nxe5 Qxe5 30. Qb4+ Kg8 31. f4 Qd5 32. a4 Bxd3 33. Rxd3 Qxe4 34. Qb8+ Kh7 35. Rh3+ Kg6 36. Rh6+ gxh6 37. Qg8# 1-0

[Event "EU-ch Amateur Online 1700/2000"]
[Site "Tornelo INT"]
[Date "2021.04.24"]
[Round "6"]
[White "Makris, Spyridon Dionysios"]
[Black "Madsman, Berk"]
[Result "1-0"]
[WhiteElo "1935"]
[BlackElo "1224"]
[PlyCount "135"]
[EventDate "2021.04.24"]
[EventType "swiss (rapid)"]
[EventRounds "8"]
[EventCountry "NET"]
[SourceTitle "EXT 2023"]
[Source "ChessBase"]
[SourceDate "2022.10.05"]
[SourceVersion "1"]
[SourceVersionDate "2022.10.05"]
[SourceQuality "1"]

1. d4 d5 2. c4 e6 3. Nc3 Nf6 4. cxd5 exd5 5. Bg5 Be7 6. e3 0-0 7. Bd3 c6 8. h3 Nbd7 9. Nf3 Re8 10. 0-0 Nf8 11. Qc2 Ne6 12. Bh4 g6 13. Rab1 Ng7 14. b4 a6 15. a4 Bf5 16. b5 axb5 17. axb5 Bxd3 18. Qxd3 Nf5 19. Bxf6 Bxf6 20. bxc6 bxc6 21. Qc2 Ra3 22. Na4 Qa8 23. Nb6 Ra2 24. Qc5 Qa3 25. Qxa3 Rxa3 26. Rfc1 Re6 27. Nd7 Ra6 28. Nc5 Ra8 29. Nxe6 fxe6 30. Rxc6 Re8 31. Rbb6 Ng7 32. g4 h6 33. h4 g5 34. hxg5 hxg5 35. Ne5 Bxe5 36. dxe5 Ra8 37. Rb7 Ra4 38. Rc8+ Kh7 39. Rcc7 Rxg4+ 40. Kf1 Re4 41. Rxg7+ Kh8 42. Rxg5 d4 43. Rh5+ Kg8 44. exd4 Rxd4 45. Rb3 Kg7 46. Rf3 Re4 47. Rg5+ Kh6 48. Rg2 Rh4 49. Kg1 Kh5 50. Rh2 Kg4 51. Rxh4+ Kxf3 52. Rh6 Kf4 53. Rxe6 Kf5 54. Rh6 Kxe5 55. Kg2 Kf4 56. Rh4+ Kf5 57. Ra4 Ke5 58. Kf3 Kf5 59. Ra5+ Kf6 60. Ke4 Kg6 61. Rf5 Kg7 62. Ke5 Kg6 63. Ke6 Kg7 64. Rg5+ Kh6 65. Kf6 Kh7 66. Rg1 Kh8 67. Kf7 Kh7 68. Rh1# 1-0

[Event "EU-ch Amateur Online 1400/1700"]
[Site "Tornelo INT"]
[Date "2021.04.17"]
[Round "4"]
[White "Madsman, Berk"]
[Black "Oikonomopoulos, Filippos"]
[Result "1-0"]
[WhiteElo "1224"]
[BlackElo "1574"]
[PlyCount "59"]
[EventDate "2021.04.17"]
[EventType "swiss (rapid)"]
[EventRounds "8"]
[EventCountry "NET"]
[SourceTitle "EXT 2023"]
[Source "ChessBase"]
[SourceDate "2022.10.05"]
[SourceVersion "1"]
[SourceVersionDate "2022.10.05"]
[SourceQuality "1"]

1. e4 c5 2. Nf3 e6 3. c3 d5 4. e5 d4 5. cxd4 cxd4 6. Bd3 Nc6 7. 0-0 Bc5 8. Qe2 Nge7 9. Be4 Nd5 10. d3 b6 11. Nbd2 Bb7 12. Nc4 b5 13. Nd6+ Bxd6 14. Bxd5 Bc7 15. Bxc6+ Bxc6 16. Nd2 Qg5 17. f4 Qe7 18. a3 0-0-0 19. Ne4 f6 20. exf6 gxf6 21. Bd2 a5 22. Rac1 Kb7 23. Nc5+ Kb6 24. Nxe6 Rde8 25. f5 Qd6 26. Bf4 Rxe6 27. fxe6 Qd5 28. Bxc7+ Kxc7 29. Qf3 Qxf3 30. Rxf3 1-0